| 000 | 00390 a2200109 4500 | ||
|---|---|---|---|
| 001 | ART_6784 | ||
| 005 | 20260410161719.0 | ||
| 008 | 260409a | ||
| 245 | 1 | 0 | _aEl enfoque inductivo positivista de la contabilidad a través de Sanders, Hatfield y Moore |
| 100 | 1 | _aGarcía Casella, Carlos Luis | |
| 773 | 0 |
_tContabilidad y auditoría _g- Año 1, Nº 1 (dic. 1995) _wREV1723 |
|
| 999 |
_c16803 _d16803 |
||